Zpráwa pjsma slowenského Tobiáša Masnicia a problém slovenskej identity

Bibliographic Details
Main Author: Ďurovič, Ľubomír, 1925- (Author)
Format: Article
Language:Slovak
ISSN:0037-6981
Subjects:
Online Access:http://www.juls.savba.sk/sr/2008/3/sr2008-3.pdf

MARC

LEADER 00000nab a2200000 a 4500
001 vtls009467267
003 SK-MaSNL
005 20260304234548.0
008 250507c2008 xo |||||| ab ||00 b|slo
015 |a SNBRB2009/01  |2 snkbucl 
035 |a (uuid)f8d1f887-f4f1-4951-a44f-396db586cbfe 
035 |a urn:nbn:sk:snk-abc4hm 
035 |a (urnnbn)urn:nbn:sk:snk:ar-0074jb 
038 |a SNKBUCL 
040 |a SNKBUCL  |b slo  |c SNKBUCL  |e AACR2 
041 0 |a slo 
044 |a xo  |c SK 
080 |a 811.162.4'0  |x "16"  |2 2001 
080 |a 811.162.3'0  |x "16"  |2 2001 
080 |a 811.162.4  |x (091)  |x "16"  |2 2001 
080 |a 811.162.3  |x (091)  |x "16"  |2 2001 
080 |a 316.347  |x (=162.4)  |x "16"  |2 2001 
080 |a 304.2:323.1  |x (=162.4)  |x "16"  |2 2001 
100 1 |a Ďurovič, Ľubomír,  |d 1925-  |4 aut  |9 86627 
245 1 0 |a Zpráwa pjsma slowenského Tobiáša Masnicia a problém slovenskej identity  |c Ľubomír Ďurovič 
504 |a Bibliogr. odkazy v poznámkach 
546 |a Abstrakt angl. 
600 1 7 |a Masník, Tobiáš,  |d 1640-1697  |t Zpráwa pjsma slowenského  |2 snkbucl  |9 179412 
650 0 7 |a slovenčina  |2 snkbucl  |9 1350 
650 0 7 |a pravopis  |2 snkbucl  |9 868 
650 0 7 |a morfológia  |2 snkbucl  |9 1322 
650 0 7 |a čeština  |2 snkbucl  |9 1319 
650 0 7 |a slovenská identita  |2 snkbucl  |9 28485 
655 7 |a štúdie  |2 snkbucl  |9 57033 
773 0 |t Slovenská reč  |g Roč. 73, č. 3 (2008), s. 129-138  |x 0037-6981 
850 |a Slovenská národná knižnica 
852 |a Slovenská národná knižnica 
856 4 1 |u http://www.juls.savba.sk/sr/2008/3/sr2008-3.pdf 
954 |a odborná, vedecká literatúra pôvodná (slovenská)  |2 lita 
958 |a article15 
958 |a OND 
958 |a NB 
958 |a EUIPO 
999 |c 3204505  |d 3206435